000 00766cam a2200241 a 4500
001 13131868
005 20251108121013.0
008 030321s2003 caua b 001 0 eng
020 _a0966498054
020 _a9780966498059
050 0 0 _aTK7888.4
_b.R34 2003
082 0 4 _a621.39/5
_221
100 1 _aRafiquzzaman, Mohamed.
245 1 0 _aFundamentals of digital logic and microcomputer design /
_cM. Rafiquzzaman.
250 _a4th ed.
260 _aDiamond Bar, Calif. :
_bRafi Systems,
_cc2003.
300 _axviii, 868 p. :
_bill. ;
_c25 cm.
500 _a"Includes Verilog & VHDL."
650 0 _aLogic circuits.
650 0 _aMicrocomputers
_xDesign and construction.
650 0 _aElectronic digital computers
_xCircuits.
942 _2lcc
_cBK
_e4th ed.
_n0
999 _c8149
_d8149